MARC

LEADER 00000nam0a2200000 4500
001 288700
005 20231102000120.0
020 |a RU  |b 85-75894 
035 |a (RuTPU)RU\TPU\book\313184 
090 |a 288700 
100 |a 20150326d1985 k y0rusy5003 ca 
101 0 |a rus 
102 |a RU 
105 |a a z 001zy 
200 1 |a Железнодорожная автоматика за рубежом  |f П. И. Куммер [и др.] 
210 |a Москва  |c Транспорт  |d 1985 
215 |a 192 с.  |c ил. 
320 |a Библиогр.: с. 189 
606 |a Железные дороги  |x Автоматизация  |2 stltpush  |3 (RuTPU)RU\TPU\subj\10439  |9 37511 
610 1 |a автоматика 
610 1 |a телемеханика 
610 1 |a развитие 
610 1 |a устройства 
610 1 |a элементная база 
610 1 |a переездная сигнализация 
610 1 |a стрелки 
610 1 |a сигналы 
610 1 |a диспетчерская централизация 
610 1 |a автоматическое регулирование 
610 1 |a механизация 
610 1 |a пути 
610 1 |a автоматический контроль 
610 1 |a информация 
610 1 |a отображение 
610 1 |a надежность 
610 1 |a техническое обслуживание 
675 |a 656.25  |v 3 
701 1 |a Куммер  |b П. И.  |g Павел Иосифович 
701 1 |a Ковалев  |b А. Г.  |g Александр Григорьевич 
701 1 |a Коптева  |b Т. В.  |g Татьяна Викторовна 
701 1 |a Аветикян  |b Г. А.  |g Георгий Аршавирович 
801 0 |a RU  |b RuMRKP  |c 19950704  |g psbo 
801 1 |a RU  |b 63413507  |c 20150326 
801 2 |a RU  |b 63413507  |c 20171130  |g RCR 
942 |c BK